000 00209 a2200097 4500
001 1470
100 _aJennings, R.F
245 _aGao & AC are welding & cutting
260 _a
_bMcknight
_c
090 _c1013
_d1013
942 _aNUST-CAE
_cM
_c148
999 _c236543
_d236543